[Event "Canarias-chT"]
[Site "Vecindario"]
[Date "2019.06.13"]
[Round "1.1"]
[White "Pap, Misa"]
[Black "Jerez Lopez, Juan Ramon"]
[Result "1-0"]
[WhiteElo "2475"]
[BlackElo "1879"]
[PlyCount "54"]
[EventDate "2019.06.13"]
[EventType "team-swiss"]
[EventRounds "6"]
[EventCountry "ESP"]
[SourceTitle "EXT 2020"]
[Source "ChessBase"]
[SourceDate "2019.10.17"]
[SourceVersion "1"]
[SourceVersionDate "2019.10.17"]
[SourceQuality "1"]
[WhiteTeam "Grandama"]
[BlackTeam "Panaderia Pulido San Mateo"]
[WhiteTeamCountry "ESP"]
[BlackTeamCountry "ESP"]

1. e4 e5 2. Nf3 Nc6 3. Bb5 a6 4. Ba4 Nf6 5. 0-0 Bc5 6. c3 Nxe4 7. d4 Ba7 8. dxe5 0-0 9. Qd5 Nc5 10. Bc2 Ne7 11. Qd1 Ne6 12. Ng5 Ng6 13. Qh5 Nxg5 14. Bxg5 Qe8 15. Bh4 d6 16. exd6 cxd6 17. Bg3 Qc6 18. Nd2 Qc5 19. Qd1 d5 20. Nb3 Qc4 21. Bd3 Qc6 22. Kh1 Bb8 23. Nd4 Qf6 24. Qh5 Be6 25. f4 Ba7 26. f5 Bxd4 27. fxe6 Qe7 1-0

[Event "Liga Insular Gran Canaria 1b"]
[Site "Las Palmas"]
[Date "2019.03.16"]
[Round "3.2"]
[White "Suarez Rodriguez, Doramas"]
[Black "Jerez Lopez, Juan Ramon"]
[Result "0-1"]
[WhiteElo "1637"]
[BlackElo "1879"]
[PlyCount "54"]
[EventDate "2019.03.02"]
[EventType "team-tourn"]
[EventRounds "7"]
[EventCountry "ESP"]
[SourceTitle "EXT 2021"]
[Source "ChessBase"]
[SourceDate "2020.10.23"]
[SourceVersion "1"]
[SourceVersionDate "2020.10.23"]
[SourceQuality "1"]
[WhiteTeam "La Aldea"]
[BlackTeam "Panaderia Pulido San Mateo"]
[WhiteTeamCountry "ESP"]
[BlackTeamCountry "ESP"]

1. d4 d5 2. c4 Nf6 3. cxd5 g6 4. Nc3 Nxd5 5. e4 Nxc3 6. bxc3 Bg7 7. Nf3 c5 8. Be2 Nc6 9. e5 0-0 10. 0-0 cxd4 11. cxd4 Bf5 12. Be3 Nb4 13. Qb3 a5 14. a3 Be6 15. Bc4 Bxc4 16. Qxc4 Qd5 17. Qxd5 Nxd5 18. Rab1 b6 19. Rb5 e6 20. Rc1 Rfc8 21. Rbb1 Bf8 22. a4 Nc3 23. Rxc3 Rxc3 24. Rxb6 Ra3 25. g3 Rxa4 26. Nd2 Rb4 27. Rc6 a4 0-1

[Event "Las Palmas Insular-chT Pref-A"]
[Site "Las Palmas"]
[Date "2015.01.24"]
[Round "5.1"]
[White "Leon Rodriguez, Orlando"]
[Black "Jerez Lopez, Juan Ramon"]
[Result "1/2-1/2"]
[WhiteElo "2185"]
[BlackElo "1916"]
[PlyCount "22"]
[EventDate "2014.11.22"]
[EventType "team-tourn"]
[EventRounds "14"]
[EventCountry "ESP"]
[SourceTitle "EXT 2016"]
[Source "ChessBase"]
[SourceDate "2015.10.08"]
[SourceVersion "1"]
[SourceVersionDate "2015.10.08"]
[SourceQuality "1"]
[WhiteTeam "Dominicas"]
[BlackTeam "Pulido San Mateo"]
[WhiteTeamCountry "ESP"]
[BlackTeamCountry "ESP"]

1. e4 e5 2. Nf3 Nc6 3. Nc3 Nf6 4. Bc4 Bb4 5. d3 0-0 6. 0-0 Bxc3 7. bxc3 h6 8. h3 d6 9. Be3 Re8 10. Qd2 Be6 11. Bb3 Kh7 1/2-1/2

[Event "Las Palmas Insular-chT Pref 1314"]
[Site "Agaete"]
[Date "2013.12.14"]
[Round "4.1"]
[White "Jerez Lopez, Juan Ramon"]
[Black "Ramirez Allo, Eduardo"]
[Result "0-1"]
[WhiteElo "1921"]
[BlackElo "2242"]
[PlyCount "92"]
[EventDate "2013.11.09"]
[EventType "team-tourn"]
[EventRounds "14"]
[EventCountry "ESP"]
[SourceTitle "EXT 2015"]
[Source "ChessBase"]
[SourceDate "2014.11.20"]
[SourceVersion "1"]
[SourceVersionDate "2014.11.20"]
[SourceQuality "1"]
[WhiteTeam "Panaderia Pulido San Mateo"]
[BlackTeam "Tres W"]
[WhiteTeamCountry "ESP"]
[BlackTeamCountry "ESP"]

1. Nf3 c5 2. e4 Nc6 3. Bb5 d6 4. d4 cxd4 5. Nxd4 Bd7 6. 0-0 Nf6 7. Nc3 e6 8. Nxc6 bxc6 9. Ba4 Be7 10. Bf4 e5 11. Bg5 Qc7 12. Bb3 h6 13. Bxf6 Bxf6 14. Qh5 0-0 15. Rad1 Be6 16. Rd3 Bxb3 17. axb3 Rfe8 18. Rfd1 Re6 19. Ne2 d5 20. Nc3 d4 21. Ne2 c5 22. Ng3 c4 23. bxc4 Qxc4 24. Nf5 Qxc2 25. Rg3 Bg5 26. Re1 d3 27. Nxg7 Kxg7 28. h4 f6 29. Rd1 Rd6 30. Ra1 a6 31. hxg5 fxg5 32. Rf1 Qe2 33. Rh3 Qxh5 34. Rxh5 Rb8 35. Rh3 Rxb2 36. Rd1 Rb3 37. Kf1 Ra3 38. Ke1 a5 39. Rh1 a4 40. Rf1 Ra2 41. Rd2 Ra1+ 42. Rd1 d2+ 43. Ke2 Rxd1 44. Rxd1 a3 45. g4 a2 46. f3 Kg6 0-1

[Event "Las Palmas Insular-chT Pref 1314"]
[Site "Agaete"]
[Date "2013.11.16"]
[Round "2.1"]
[White "Garcia Padron, Jose"]
[Black "Jerez Lopez, Juan Ramon"]
[Result "1-0"]
[WhiteElo "2400"]
[BlackElo "1921"]
[PlyCount "73"]
[EventDate "2013.11.09"]
[EventType "team-tourn"]
[EventRounds "14"]
[EventCountry "ESP"]
[SourceTitle "EXT 2015"]
[Source "ChessBase"]
[SourceDate "2014.11.20"]
[SourceVersion "1"]
[SourceVersionDate "2014.11.20"]
[SourceQuality "1"]
[WhiteTeam "La Caja de Canarias"]
[BlackTeam "Panaderia Pulido San Mateo"]
[WhiteTeamCountry "ESP"]
[BlackTeamCountry "ESP"]

1. e4 e5 2. Nf3 Nc6 3. d4 exd4 4. Nxd4 Nf6 5. Nxc6 bxc6 6. e5 Qe7 7. Qe2 Nd5 8. c4 Nb6 9. b3 Ba6 10. Bb2 0-0-0 11. Nd2 Nd5 12. Qe4 Nb6 13. 0-0-0 Bb7 14. Bd3 h5 15. f4 Kb8 16. Rhe1 Rh6 17. Qe2 d5 18. exd6 Qxd6 19. g3 Re6 20. Ne4 Qb4 21. Bc2 Rxd1+ 22. Rxd1 f5 23. c5 Bxc5 24. Rd8+ Bc8 25. Nxc5 Rxe2 26. Na6+ Kb7 27. Nxb4 a5 28. Nd3 Rxh2 29. Nc5+ Ka7 30. Be5 Bb7 31. Bxc7 Nd5 32. Bxa5 Ne3 33. Bb1 Rh1+ 34. Kb2 Nd1+ 35. Ka1 Ba8 36. Rd7+ Kb8 37. Bb6 1-0

[Event "Las Palmas Insular-chT Pref"]
[Site "Las Palmas"]
[Date "2013.02.02"]
[Round "8.2"]
[White "Jerez Lopez, Juan Ramon"]
[Black "Alvarado Diaz, Alejandro"]
[Result "0-1"]
[WhiteElo "1949"]
[BlackElo "2252"]
[PlyCount "100"]
[EventDate "2012.11.10"]
[EventType "team-tourn"]
[EventRounds "14"]
[EventCountry "ESP"]
[SourceTitle "EXT 2014"]
[Source "ChessBase"]
[SourceDate "2013.11.20"]
[SourceVersion "1"]
[SourceVersionDate "2013.11.20"]
[SourceQuality "1"]
[WhiteTeam "Panaderia Pulido San Mateo"]
[BlackTeam "Canarias de Vecindario"]
[WhiteTeamCountry "ESP"]
[BlackTeamCountry "ESP"]

1. g3 g6 2. Bg2 Bg7 3. c4 c5 4. Nc3 Nc6 5. d3 e6 6. e4 Nge7 7. Nge2 0-0 8. 0-0 a6 9. Rb1 Rb8 10. Bf4 d6 11. a4 Nd4 12. b4 Ra8 13. Nxd4 Bxd4 14. Ne2 Bg7 15. Qb3 Nc6 16. b5 axb5 17. axb5 Nd4 18. Nxd4 Bxd4 19. Bd2 Qf6 20. h4 Qg7 21. Bf4 Rd8 22. Bg5 Rd7 23. b6 h6 24. Be3 Rd8 25. Bxd4 Qxd4 26. Rfd1 Bd7 27. Qb2 Ba4 28. Qxd4 cxd4 29. Rdc1 e5 30. Bh3 Bc6 31. Ra1 Kf8 32. f4 Ke7 33. Kf2 f6 34. f5 g5 35. Bg4 Kd7 36. Bd1 Rdb8 37. Bh5 Ra6 38. Rab1 Ra2+ 39. Kg1 Rba8 40. Bf7 R8a3 41. Be6+ Ke7 42. c5 Rd2 43. cxd6+ Kxd6 44. Bc4 Rc3 45. Rd1 Rxd1+ 46. Rxd1 Bxe4 47. hxg5 hxg5 48. Rd2 Bd5 49. Bxd5 Kxd5 50. Kf2 Rb3 0-1

[Event "Las Palmas Insular-chT Pref"]
[Site "Las Palmas"]
[Date "2013.01.26"]
[Round "7.2"]
[White "Also Alvarado, Luis"]
[Black "Jerez Lopez, Juan Ramon"]
[Result "1-0"]
[WhiteElo "2214"]
[BlackElo "1949"]
[PlyCount "67"]
[EventDate "2012.11.10"]
[EventType "team-tourn"]
[EventRounds "14"]
[EventCountry "ESP"]
[SourceTitle "EXT 2014"]
[Source "ChessBase"]
[SourceDate "2013.11.20"]
[SourceVersion "1"]
[SourceVersionDate "2013.11.20"]
[SourceQuality "1"]
[WhiteTeam "Real Club Victoria"]
[BlackTeam "Panaderia Pulido San Mateo"]
[WhiteTeamCountry "ESP"]
[BlackTeamCountry "ESP"]

1. d4 f5 2. g3 g6 3. Bg2 Bg7 4. Nf3 Nf6 5. 0-0 0-0 6. b3 c5 7. dxc5 Ne4 8. c3 Na6 9. b4 Kh8 10. Qb3 Qe8 11. Ng5 Nf6 12. Nd2 h6 13. Ngf3 Rb8 14. Nc4 Nd5 15. Nfe5 Nxc3 16. Qxc3 d6 17. Bxh6 Bxh6 18. Nxg6+ Kh7 19. Nxf8+ Qxf8 20. Rad1 dxc5 21. b5 Bg7 22. Qa5 b6 23. Qa4 Nc7 24. Qxa7 Be6 25. Qa4 Qg8 26. Ne3 Bf6 27. Qf4 Nxb5 28. Nxf5 Bg5 29. Qg4 Qg6 30. Qh3+ Kg8 31. Bd5 Bxd5 32. Rxd5 Nc3 33. Re5 Re8 34. Qg4 1-0

[Event "Las Palmas Insular-chT Pref"]
[Site "Las Palmas"]
[Date "2013.01.12"]
[Round "5.3"]
[White "Jerez Lopez, Juan Ramon"]
[Black "Galvan Sarmiento, Jose Luis"]
[Result "1-0"]
[WhiteElo "1949"]
[BlackElo "1929"]
[PlyCount "69"]
[EventDate "2012.11.10"]
[EventType "team-tourn"]
[EventRounds "14"]
[EventCountry "ESP"]
[SourceTitle "EXT 2014"]
[Source "ChessBase"]
[SourceDate "2013.11.20"]
[SourceVersion "1"]
[SourceVersionDate "2013.11.20"]
[SourceQuality "1"]
[WhiteTeam "Panaderia Pulido San Mateo"]
[BlackTeam "Villa de Teror"]
[WhiteTeamCountry "ESP"]
[BlackTeamCountry "ESP"]

1. e4 e6 2. d4 d5 3. Nd2 Nf6 4. e5 Nfd7 5. Bd3 c5 6. c3 Nc6 7. Ne2 Rb8 8. 0-0 b5 9. f4 g6 10. Nf3 b4 11. Kh1 Qb6 12. Be3 Ba6 13. Bxa6 Qxa6 14. Ng3 bxc3 15. bxc3 Rb2 16. f5 gxf5 17. Ng5 Nd8 18. Qh5 h6 19. Rf2 Rxf2 20. Bxf2 Qd3 21. Qf3 Qc2 22. Nh3 cxd4 23. cxd4 Nb6 24. Nh5 Be7 25. N3f4 Nc4 26. Nd3 Kf8 27. Be1 Nc6 28. Bf2 Rg8 29. Qd1 Nxd4 30. Qxc2 Nxc2 31. Rb1 Rg5 32. Rb8+ Bd8 33. Bc5+ Kg8 34. Rxd8+ Kh7 35. Nf6+ 1-0

[Event "Las Palmas Insular-chT Pref qual"]
[Site "San Fernando"]
[Date "2012.05.05"]
[Round "3.3"]
[White "Jerez Lopez, Juan Ramon"]
[Black "Padron Pulido, Pedro Gabino"]
[Result "1-0"]
[WhiteElo "1977"]
[BlackElo "2105"]
[PlyCount "49"]
[EventDate "2012.04.14"]
[EventType "team-tourn"]
[EventRounds "3"]
[EventCountry "ESP"]
[SourceTitle "EXT 2014"]
[Source "ChessBase"]
[SourceDate "2013.11.20"]
[SourceVersion "1"]
[SourceVersionDate "2013.11.20"]
[SourceQuality "1"]
[WhiteTeam "San Mateo"]
[BlackTeam "Cajota 64"]
[WhiteTeamCountry "ESP"]
[BlackTeamCountry "ESP"]

1. e4 c5 2. Nf3 e6 3. d4 cxd4 4. Nxd4 a6 5. Nc3 Qc7 6. Be2 Nf6 7. a3 Be7 8. Be3 d6 9. 0-0 Nbd7 10. f4 b5 11. Bf3 Bb7 12. Qe2 Rc8 13. Rad1 Nb6 14. Ndxb5 axb5 15. Qxb5+ Bc6 16. Qxb6 Qxb6 17. Bxb6 Rb8 18. Bd4 Rxb2 19. Rd2 Bb5 20. Nxb5 Rxb5 21. e5 Nd7 22. Bc6 Ra5 23. exd6 Bf6 24. Bxf6 gxf6 25. Rb1 1-0

[Event "Las Palmas Insular-chT Primera-A"]
[Site "Las Palmas"]
[Date "2012.03.24"]
[Round "14.3"]
[White "Sanchez Ramirez, Gustavo"]
[Black "Jerez Lopez, Juan Ramon"]
[Result "0-1"]
[WhiteElo "1656"]
[BlackElo "1977"]
[PlyCount "64"]
[EventDate "2011.11.12"]
[EventType "team-tourn"]
[EventRounds "14"]
[EventCountry "ESP"]
[SourceTitle "EXT 2013"]
[Source "ChessBase"]
[SourceDate "2012.11.22"]
[SourceVersion "1"]
[SourceVersionDate "2012.11.22"]
[SourceQuality "1"]
[WhiteTeam "Canarias de Vecindario"]
[BlackTeam "Panaderia Pulido San Mateo"]
[WhiteTeamCountry "ESP"]
[BlackTeamCountry "ESP"]

1. d4 Nf6 2. c4 e5 3. dxe5 Ne4 4. Nf3 Bb4+ 5. Bd2 Nxd2 6. Nbxd2 Nc6 7. a3 Bxd2+ 8. Qxd2 Qe7 9. Qc3 0-0 10. e3 Re8 11. Bd3 Nxe5 12. Nxe5 Qxe5 13. Qxe5 Rxe5 14. Kd2 d6 15. h4 Bd7 16. Rh2 Rae8 17. Rg1 d5 18. g4 dxc4 19. Bxc4 Rd8 20. Ke2 Re4 21. Bd5 Rxg4 22. Rd1 Rg6 23. f3 Bb5+ 24. Kf2 Rgd6 25. Rc1 Rxd5 26. Rxc7 Rd2+ 27. Kg3 Rxh2 28. Kxh2 Bc6 29. Kg3 h6 30. e4 Rd3 31. Kf4 Rb3 32. Kf5 Rxf3+ 0-1

[Event "Las Palmas Insular-chT Primera-A"]
[Site "Las Palmas"]
[Date "2012.03.03"]
[Round "11.3"]
[White "Jerez Lopez, Juan Ramon"]
[Black "Reyes Molina, Juan Pedro"]
[Result "1-0"]
[WhiteElo "1977"]
[BlackElo "1665"]
[PlyCount "107"]
[EventDate "2011.11.12"]
[EventType "team-tourn"]
[EventRounds "14"]
[EventCountry "ESP"]
[SourceTitle "EXT 2013"]
[Source "ChessBase"]
[SourceDate "2012.11.22"]
[SourceVersion "1"]
[SourceVersionDate "2012.11.22"]
[SourceQuality "1"]
[WhiteTeam "Panaderia Pulido San Mateo"]
[BlackTeam "Claudio Mendoza"]
[WhiteTeamCountry "ESP"]
[BlackTeamCountry "ESP"]

1. e4 c5 2. Nf3 d6 3. Nc3 a6 4. d4 cxd4 5. Nxd4 Nf6 6. a4 e5 7. Nb3 Nc6 8. Be2 Be6 9. Be3 d5 10. exd5 Nxd5 11. Nxd5 Bxd5 12. 0-0 Bxb3 13. cxb3 Bb4 14. Bf3 0-0 15. Bxc6 bxc6 16. Qf3 Qf6 17. Qxf6 gxf6 18. Rfd1 Rfd8 19. Bb6 Rxd1+ 20. Rxd1 a5 21. Bd8 Bc5 22. Bxf6 Bd4 23. Rd3 Re8 24. Kf1 Re6 25. Rg3+ Kf8 26. Bd8 e4 27. Bxa5 Rf6 28. f3 exf3 29. Rxf3 Rxf3+ 30. gxf3 Bxb2 31. Bb4+ Ke8 32. Bc5 Kd7 33. Ke2 Be5 34. h3 Kc7 35. Kd3 f5 36. Be3 Kb7 37. Bg5 Kb6 38. b4 Bd6 39. Kc4 Ka6 40. b5+ cxb5+ 41. axb5+ Kb6 42. Bd8+ Kb7 43. Kd5 Bb8 44. Ke6 f4 45. h4 h6 46. Kf5 Bd6 47. Kg6 Kc8 48. Ba5 Kd7 49. Kxh6 Ke6 50. Kg6 Kd5 51. Bd8 Kd4 52. b6 Ke3 53. Bc7 Bc5 54. b7 1-0

[Event "Las Palmas Insular-chT Primera-A"]
[Site "Las Palmas"]
[Date "2012.02.04"]
[Round "8.3"]
[White "Jerez Lopez, Juan Ramon"]
[Black "Rodriguez Manzaneda, Irene"]
[Result "1-0"]
[WhiteElo "1977"]
[BlackElo "1648"]
[PlyCount "69"]
[EventDate "2011.11.12"]
[EventType "team-tourn"]
[EventRounds "14"]
[EventCountry "ESP"]
[SourceTitle "EXT 2013"]
[Source "ChessBase"]
[SourceDate "2012.11.22"]
[SourceVersion "1"]
[SourceVersionDate "2012.11.22"]
[SourceQuality "1"]
[WhiteTeam "Panaderia Pulido San Mateo"]
[BlackTeam "Telde Los Llanos"]
[WhiteTeamCountry "ESP"]
[BlackTeamCountry "ESP"]

1. e4 c5 2. Nf3 Nc6 3. d4 cxd4 4. Nxd4 Nf6 5. Nc3 e5 6. Ndb5 d6 7. Bg5 a6 8. Na3 b5 9. Bxf6 gxf6 10. Nd5 Bg7 11. Bd3 Be6 12. c4 bxc4 13. Nxc4 Bxd5 14. exd5 Nd4 15. Qa4+ Ke7 16. 0-0 f5 17. Rfe1 Rg8 18. Nxe5 Bxe5 19. Qxd4 Kf8 20. Rxe5 dxe5 21. Qxe5 Qg5 22. Bf1 a5 23. Re1 f4 24. Qd4 Rd8 25. d6 Qg6 26. d7 Qc6 27. Rd1 Qe6 28. a4 Qe7 29. Bb5 Qg5 30. Bc6 Rg7 31. Re1 f5 32. Re8+ Kf7 33. Qd6 Rg8 34. Qe6+ Kg7 35. Qxg8+ 1-0

[Event "Las Palmas Insular-chT Primera-A"]
[Site "Las Palmas"]
[Date "2011.11.12"]
[Round "1.3"]
[White "Padilla Socorro, Jesus"]
[Black "Jerez Lopez, Juan Ramon"]
[Result "0-1"]
[WhiteElo "1751"]
[BlackElo "1977"]
[PlyCount "100"]
[EventDate "2011.11.12"]
[EventType "team-tourn"]
[EventRounds "14"]
[EventCountry "ESP"]
[SourceTitle "EXT 2013"]
[Source "ChessBase"]
[SourceDate "2012.11.22"]
[SourceVersion "1"]
[SourceVersionDate "2012.11.22"]
[SourceQuality "1"]
[WhiteTeam "Telde Los Llanos"]
[BlackTeam "Panaderia Pulido San Mateo"]
[WhiteTeamCountry "ESP"]
[BlackTeamCountry "ESP"]

1. e3 Nf6 2. g3 g6 3. Bg2 Bg7 4. Nc3 0-0 5. Nf3 d5 6. 0-0 Bg4 7. h3 Bxf3 8. Qxf3 c6 9. d3 Nbd7 10. e4 d4 11. Nd1 Ne5 12. Qe2 Ned7 13. Bg5 h6 14. Bxf6 Bxf6 15. f4 e5 16. f5 c5 17. c3 Rc8 18. c4 Bg7 19. Nf2 Qg5 20. Qg4 Qxg4 21. Nxg4 h5 22. Nh2 Bh6 23. Kf2 Be3+ 24. Ke2 Rc6 25. g4 Nf6 26. Bf3 Rb6 27. Rab1 Bf4 28. Rf2 Kg7 29. gxh5 gxh5 30. Rg2+ Kh7 31. a3 a5 32. Nf1 Rg8 33. Rxg8 Kxg8 34. Kf2 Rb3 35. Ke2 b5 36. cxb5 Rxb5 37. Nd2 Bxd2 38. Kxd2 Kh7 39. Kc2 Kh6 40. a4 Rb4 41. b3 h4 42. Rg1 Rb8 43. Bg4 Rg8 44. Kd2 Nxg4 45. hxg4 Kg5 46. Rc1 Rc8 47. Rg1 h3 48. Ke2 Rb8 49. Rg3 h2 50. Rh3 Rxb3 0-1